| 000 | 00682nam a2200217 i 4500 | ||
|---|---|---|---|
| 001 | 20860 | ||
| 003 | ES-MaACL | ||
| 005 | 20230906152357.0 | ||
| 007 | t| | ||
| 008 | 021119s1975 sp ||||1| spa d | ||
| 100 | 1 |
_aAdorno, Theodor W. _918468 |
|
| 245 | 1 | 0 |
_aDialéctica negativa / _cTheodor W. Adorno ; versión de José María Pipalda ; revisada por Jesús Aguirre. |
| 260 |
_a[Madrid] : _bTaurus, etc., _c[1975] |
||
| 300 |
_a410 p. ; _c22 cm. |
||
| 490 | 1 | _aEnsayistas | |
| 700 | 1 |
_aRipalda, José María. _997416 |
|
| 700 | 1 |
_aAguirre, Jesús, _cDuque de Alba. _9125561 |
|
| 830 | 0 |
_aEnsayistas _9177257 |
|
| 852 |
_aES-MaACL _jE-9508 _bR.94048 |
||
| 999 |
_c20860 _d20860 |
||